<?xml version="1.0" encoding="UTF-8"?><?xml-stylesheet type="text/xsl" href="static/style.xsl"?><OAI-PMH xmlns="http://www.openarchives.org/OAI/2.0/" xmlns:xsi="http://www.w3.org/2001/XMLSchema-instance" xsi:schemaLocation="http://www.openarchives.org/OAI/2.0/ http://www.openarchives.org/OAI/2.0/OAI-PMH.xsd"><responseDate>2026-04-18T18:21:08Z</responseDate><request verb="GetRecord" identifier="oai:riubu.ubu.es:10259/10130" metadataPrefix="marc">https://riubu.ubu.es/oai/request</request><GetRecord><record><header><identifier>oai:riubu.ubu.es:10259/10130</identifier><datestamp>2025-02-01T01:05:35Z</datestamp><setSpec>com_10259_6688</setSpec><setSpec>com_10259_5086</setSpec><setSpec>com_10259_2604</setSpec><setSpec>col_10259_6689</setSpec></header><metadata><record xmlns="http://www.loc.gov/MARC21/slim" xmlns:doc="http://www.lyncode.com/xoai" xmlns:xsi="http://www.w3.org/2001/XMLSchema-instance" xmlns:dcterms="http://purl.org/dc/terms/" xsi:schemaLocation="http://www.loc.gov/MARC21/slim http://www.loc.gov/standards/marcxml/schema/MARC21slim.xsd">
<leader>00925njm 22002777a 4500</leader>
<datafield tag="042" ind1=" " ind2=" ">
<subfield code="a">dc</subfield>
</datafield>
<datafield tag="720" ind1=" " ind2=" ">
<subfield code="a">Reoyo Pascual, José Felipe</subfield>
<subfield code="e">author</subfield>
</datafield>
<datafield tag="720" ind1=" " ind2=" ">
<subfield code="a">Cartón Hernández, Carlos</subfield>
<subfield code="e">author</subfield>
</datafield>
<datafield tag="720" ind1=" " ind2=" ">
<subfield code="a">León Miranda, Raquel</subfield>
<subfield code="e">author</subfield>
</datafield>
<datafield tag="720" ind1=" " ind2=" ">
<subfield code="a">Camarero Temiño, Vanesa</subfield>
<subfield code="e">author</subfield>
</datafield>
<datafield tag="720" ind1=" " ind2=" ">
<subfield code="a">Sánchez Manuel, Javier</subfield>
<subfield code="e">author</subfield>
</datafield>
<datafield tag="260" ind1=" " ind2=" ">
<subfield code="c">2018</subfield>
</datafield>
<datafield tag="520" ind1=" " ind2=" ">
<subfield code="a">La diálisis peritoneal es una alternativa terapéutica cada vez más utilizada en pacientes con enfermedad renal crónica avanzada. Para su ejecución, es preciso la colocación de un catéter de diálisis peritoneal que en muchos casos es llevado a cabo por el cirujano general y la infusión de líquido de diálisis en la cavidad peritoneal con el consiguiente incremento de la presión intraabdominal. Las complicaciones derivadas de este procedimiento pueden ser típicamente infecciosas o mecánicas siendo la aparición de una comunicación pleuroperitoneal una entidad poco frecuente, con una incidencia media de 1,6-10%. La lista de posibles causas para su aparición es larga, destacando los defectos pleuroperitoneales adquiridos o incluso congénitos.</subfield>
</datafield>
<datafield tag="024" ind2=" " ind1="8">
<subfield code="a">0009-739X</subfield>
</datafield>
<datafield tag="024" ind2=" " ind1="8">
<subfield code="a">http://hdl.handle.net/10259/10130</subfield>
</datafield>
<datafield tag="024" ind2=" " ind1="8">
<subfield code="a">10.1016/j.ciresp.2017.08.010</subfield>
</datafield>
<datafield tag="245" ind1="0" ind2="0">
<subfield code="a">Comunicación pleuroperitoneal en paciente con diálisis peritoneal: un caso de interés para el cirujano</subfield>
</datafield>
</record></metadata></record></GetRecord></OAI-PMH>